1869 1889 1688 1963 1182 1805 1757 1533 1094 1654 1767 1974 1886 1550 1462 1813 1400 1982 1575 1160 1877 1407 1605 1927 1519 1182 1268 1739 1301 1193 1239 1094 1708 1728 1021 1039 1853 1531 1386 1156 1037 1189 1494 1460 1217 1559 1659 1097 1730 1649 1714 1650 1135 1024 1638 1425 1519 1983 1544 1808 1094 1218 1020 1119 1141 1502 1458 1422 1332 1114 1626 1647 1154 1157 1070 1460 1332 1919 1994 1102 1807 1990 1756 1858 1858 1057 1511 1628 1333 1364 1751 1568 1502 1434 1524 1631 1141 1596 1032 BCNSPRNW ULIB Ver.6.0+V

เปลี่ยนเป็นภาษาไทย

Change to English
 แสดงรายละเอียดบรรณานุกรม
  กลับหน้าหลัก

Brief Record : Get Marc (ISO 2709) : E-mail record : QR code < ปิดหน้าต่าง
LEADER : 00000nam 2200000uu 4500
001    13399123715
003     ULIB
008    141119s2555||||th 000 0 tha d
020    ^a9786167707082
060 04 ^aWV220^bร921
110 1  ^aมหาวิทยาลัยสงขลานครินทร์. ^bคณะแพทยศาสตร์. ^bหน่วยผลิตตำรา
245 00 ^aโรคของหูชั้นนอก =^bExternal ear /^cวันดี ไข่มุกด์, บรรณาธิการ
246 31 ^aExternal ear.
250    ^aพิมพ์ครั้งที่ 1
260    ^aสงขลา :^bหน่วยผลิตตำราคณะแพทยศาสตร์ มหาวิทยาลัยสงขลานครินทร์,^c2555.
300    ^a230 หน้า :^bภาพประกอบ
650  4 ^aหูชั้นนอก,โรค^xการรักษา ;^c27 ซม.
650  4 ^aหูชั้นนอก,โรค^xการวินิจฉัย
650  4 ^aหูชั้นนอก
700 0  ^aวันดี ไข่มุกด์,^eบรรณาธิการ
945    ^p550^l0^i21723
945    ^p550^l0^i21724
945    ^p550^l0^i21725
999    ^aทศพร เกษรทอง
รายการนี้ยังไม่มีแท็ก
คุณยังไม่ได้ล็อกอิน คุณสามารถมีกิจกรรมร่วมกับเว็บไซต์ได้ แต่ต้องล็อกอินก่อน ::
  ล็อกอิน

รายการสื่อสารสนเทศ

ลำดับที่ ประเภท เลขเรียก/บาร์โค้ด สถานที่ สถานะ
1. วิทยาศาสตร์การแพทย์ และสุขภาพ
หนังสือสำรอง
สถานะ=หนังสือสำรอง
WV220 ร921 ฉ.1 
  Barcode: 21723
ห้องสมุดวิทยาเขตนครสวรรค์
►ส่วนจัดเก็บหนังสือเก่า นว.
บนชั้น
  ขอยืม
2. วิทยาศาสตร์การแพทย์ และสุขภาพ
วิทยาศาสตร์การแพทย์ และสุขภาพ
WV220 ร921 ฉ.2 
  Barcode: 21724
ห้องสมุดวิทยาเขตนครสวรรค์
►ส่วนจัดเก็บหนังสือเก่า นว.
บนชั้น
  ขอยืม
3. วิทยาศาสตร์การแพทย์ และสุขภาพ
วิทยาศาสตร์การแพทย์ และสุขภาพ
WV220 ร921 ฉ.3 
  Barcode: 21725
ห้องสมุดวิทยาเขตนครสวรรค์
►ส่วนจัดเก็บหนังสือเก่า นว.
บนชั้น
  ขอยืม

รายการใกล้เคียง
    หัวเรื่อง [หูชั้นนอก]

BibComment


ยังไม่เคยถูกคอมเมนท์

คอมเมนท์ทรัพยากรรายการนี้
  คอมเมนท์: โรคของหูชั้นนอก ..


 Copyright 2026. Bcnsprnw @Library